2002 yılında resmi gazete'de yayınlanan Rekabet Kurulu kararları (Record no. 9089)

MARC details
000 -BAŞLIK
Sabit Uzunlukta Kontrol Alanı 00768na a2200253 4500
001 - KONTROL NUMARASI
Denetim Alanı 20181
003 - KONTROL NUMARASI IDENTIFIER
Denetim Alanı MIRAKIL
005 - SON İŞLEM TARİHİ VE ZAMANI
Denetim Alanı 20181213155234.0
008 - SABİT-BOY VERİ ELEMANLARI - GENEL BİLGİLER
Sabit Uzunlukta Kontrol Alanı 170106b tu 000 0
022 ## - ULUSLARARASI STANDART SERİ NUMARASI
Uluslararası Standart Süreli Yayın Numarası 1303362X
035 ## - SİSTEM KONTROL NUMARASI
Sistem Kontrol Numarası 20181
040 ## - KATALOGLAMA KAYNAK
Orijinal Kataloglama Ajansı Milas
Kataloglama Dili tur
Metne Dönüştürmek Ajansı TR-AnCHP
041 ## - DİL KODU
Metin / Ses Parça Veya Ayrı Başlığın Dil Kodu tur
082 ## - DEWEY ONLU SINIFLANDIRMA NUMARASI
Sınıflandırma Numarası 343.0721
Ürün Numarası İ45 2003
090 ## - SINIFLAMA NUMARASI
Sınıflama Numarası 343.0721 İ45 2003
245 ## - BAŞLIK TABLOSU
Başlık 2002 yılında resmi gazete'de yayınlanan Rekabet Kurulu kararları
Sorumluluk Tablosu, Vb Rekabet Kurumu
260 ## - YAYIN, DAĞITIM, VB
Yayın, Dağıtım, Vb Yeri Ankara
Yayıncı, Dağıtıcı, Vs Adı Rekabet Kurumu
Yayın, Dağıtım, Vb Tarihi 2003
300 ## - FİZİKSEL TANIM
Kapsam 1 c., 452 s.
Boyutlar 24 sm.
500 ## - GENEL NOT
Genel Not Kütüphanemizde 1. cilt bulunmaktadır.
610 ## - KONU KATMA GİRİŞ - TOPLANTI ADI
Giriş Elemanı Olarak Kurumsal Ad Veya Yargı Alanı Adı Rekabet Kurumu
Genel Alt Bölüm Süreli yayınlar
650 ## - KONU KATMA GİRİŞ - TOPİKAL DÖNEM
Topikal Süreli Veya Coğrafi Ad Giriş Elemanı Rekabet hukuku
Genel Alt Bölümü Kurul kararları, 2002
Kronolojik Alt Bölümü Süreli yayınlar
710 ## - KATMA GİRİŞ - KURUMSAL ADI
Giriş Elemanı Olarak Kurumsal Ad Veya Yargı Alanı Adı Rekabet Kurumu
942 ## - EKLENDİ GİRİŞ ELEMANLARI (KOHA)
Sınıflandırma Veya Raf Düzeni Kaynak
Koha Öğesi Türü Books
999 ## - SİSTEM KONTROL NUMARALARI (KOHA)
Koha Biblionumber 9089
Koha Biblioitemnumber 9089
Holdings
Kalıcı Konum Mevcut Konum Edinme Tarihi Edinim Kaynak Toplam Check-Out'Lar Tam Çağrı Numarası Barkod Tarih Son Görülme İtibaren Geçerli Fiyatlar Koha Öğesi Türü
CHP Kütüphanesi CHP Kütüphanesi 01/06/2017 Bağış   343.0721 İ45 2003 010950 01/06/2017 01/06/2017 Books